LEADER 01306nam a2200277 i 4500 001 000000113672 003 CaOOAMICUS 005 20081024160548.0 008 081024s2007 it b u000 u ita c 020 $z978-88-8333-127-5* 040 $aUSC$bita$dMICH$dPUL$dLDB 100 1 $aSanguineti, Juan José.$0(OLS)http://pul/name/38659 245 10$aFilosofia della mente :$buna prospettiva ontologica e antropologica /$cJuan José Sanguineti. 260 $aRoma :$bEDUSC,$cc2007. 300 $a317 p. ;$c23 cm 490 1 $aProspettive filosofiche ;$v07 504 $aBibliografia : p. 309-312. 650 14$aFilosofia della mente.$0(OLS)http://pul/subject/33371 830 0$aProspettive filosofiche ;$v07.$0(OLS)http://pul/title/132122 850 $aPUL 852 $aPUL$W1$xSL Filosofia 3$y81$m128. 2 SANSU 1$j129869$qDDC 21$B128934$CPULBib$Z2$F128934 $H108444 $82 852 $aPUL$W1$xDP2 Filosofia 3$y112$m128. 2 SANSU 1B$j198754$qDDC 21$B203370$CPULBib$Z2$F203370 $H134914 $82 941 1 $a9 996 $6020$z978-88-8333-127-5*$9(OLS)http://pul/number/138997 996 $6245$aFilosofia della mente :$buna prospettiva ontologica e antropologica$9(OLS)http://pul/title/142844 996 $6260$aRoma :$bEDUSC$9(OLS)http://pul/publisher/79480 LEADER 01326nam a2200277 a 4500 001 000000163421 003 CaOOAMICUS 005 20171016144708.0 008 171016s1979 it m u000 u ita r 032 $aLibriCat 040 $aPUL$bita 100 1 $aCostante, Altissimo.$0(OLS)http://pul/name/104972 245 14$aGli elementi tradizionali della contemplazione nell' interpretazione filosofico-teologica di Pavel Florenskij / $cAltissimo Costante. 260 $aVicenza :$b[s.n],$c1979. 300 $a64 p. ;$c24 cm. 502 $aEstratto di Tesi. Pontificio Istituto Orientale. 1978. 504 $aBibliografia in nota a piè pagina. 600 14$aFlorenskij, Pavel Aleksandrovic,$d1882-1937.$0(OLS)http://pul/subject/18012 650 04$aChiesa ortodossa$xDiritto.$0(OLS)http://pul/subject/26830 710 2 $aPontificio Istituto Orientale.$kTesi.$0(OLS)http://pul/name/104919 850 $aPUL 852 $aPUL$W1$xDP1 Tesi Pon. Ist. Orientale$y39$mTH ORIE 103$j187532$qTesi$B190652$CPULBib$Z2$F190652 $H47361 $82 941 1 $a16 996 $6245$aGli elementi tradizionali della contemplazione nell' interpretazione filosofico-teologica di Pavel Florenskij / $9(OLS)http://pul/title/203139 996 $6260$aVicenza :$b[s.n]$9(OLS)http://pul/publisher/49064